[Event "Graz op 18th"]
[Site "Graz"]
[Date "2011.09.01"]
[Round "6"]
[White "Zakharchenko, Arnold"]
[Black "Schnider, Gert"]
[Result "1-0"]
[WhiteElo "2202"]
[BlackElo "2375"]
[PlyCount "85"]
[EventDate "2011.08.27"]
[EventType "swiss"]
[EventRounds "9"]
[EventCountry "AUT"]
[SourceTitle "CBM 144 Extra"]
[Source "ChessBase"]
[SourceDate "2011.10.28"]
[SourceVersion "1"]
[SourceVersionDate "2011.10.28"]
[SourceQuality "1"]

1. Nf3 d5 2. g3 Nf6 3. Bg2 c6 4. b3 g6 5. Bb2 Bg7 6. 0-0 0-0 7. c4 Bf5 8. d3 Qc8 9. Nc3 Bh3 10. Rc1 Bxg2 11. Kxg2 Qd8 12. Qc2 Nbd7 13. e4 dxe4 14. Nxe4 Nxe4 15. Bxg7 Kxg7 16. dxe4 e5 17. Rcd1 Qc7 18. Rd2 f6 19. Rfd1 Rf7 20. Rd6 b6 21. b4 Re8 22. c5 bxc5 23. bxc5 Rb8 24. Nd2 Rb5 25. Nb3 Qb7 26. R1d3 Nb8 27. Rd8 Qc7 28. Qc4 a5 29. a3 Qe7 30. R8d6 Qa7 31. a4 Rb4 32. Qe6 Rxe4 33. Rd8 Rxa4 34. Qc8 Rb4 35. Rg8+ Kh6 36. Qh3+ Kg5 37. f4+ exf4 38. gxf4+ Kxf4 39. Qg3+ Kf5 40. Nd4+ Rxd4 41. Rxd4 h5 42. Qf4+ Ke6 43. Qe4# 1-0

[Event "Schwarzach op 26th"]
[Site "Schwarzach"]
[Date "2011.08.26"]
[Round "7"]
[White "Zakharchenko, Arnold"]
[Black "Donegani, Hans Peter"]
[Result "1/2-1/2"]
[WhiteElo "2202"]
[BlackElo "2111"]
[PlyCount "79"]
[EventDate "2011.08.20"]
[EventType "swiss"]
[EventRounds "9"]
[EventCountry "AUT"]
[SourceTitle "CBM 144 Extra"]
[Source "ChessBase"]
[SourceDate "2011.10.28"]
[SourceVersion "1"]
[SourceVersionDate "2011.10.28"]
[SourceQuality "1"]

1. d4 Nf6 2. c4 g6 3. Nf3 Bg7 4. g3 0-0 5. Bg2 d5 6. cxd5 Nxd5 7. 0-0 Nb6 8. Nc3 Nc6 9. e3 Re8 10. Re1 a5 11. Qe2 e5 12. dxe5 Nxe5 13. Nxe5 Bxe5 14. Rd1 Qe7 15. Bd2 c6 16. Be1 Be6 17. f4 Bg7 18. e4 a4 19. Bf2 Bc4 20. Qc2 Qb4 21. Rac1 Be6 22. Bf1 Red8 23. e5 Bg4 24. Rxd8+ Rxd8 25. a3 Qa5 26. Ne4 Bf5 27. Qc5 Qxc5 28. Nxc5 Rb8 29. Be2 h5 30. Rd1 Bf8 31. Kg2 Nd5 32. Bf3 b5 33. h3 Be6 34. Rc1 Be7 35. Rc2 Kf8 36. Bxd5 cxd5 37. g4 hxg4 38. hxg4 d4 39. g5 Kg7 40. b4 1/2-1/2

[Event "Schwarzach op 26th"]
[Site "Schwarzach"]
[Date "2011.08.23"]
[Round "4"]
[White "Zakharchenko, Arnold"]
[Black "Jens, Jelmer"]
[Result "0-1"]
[WhiteElo "2202"]
[BlackElo "2382"]
[PlyCount "46"]
[EventDate "2011.08.20"]
[EventType "swiss"]
[EventRounds "9"]
[EventCountry "AUT"]
[SourceTitle "CBM 144 Extra"]
[Source "ChessBase"]
[SourceDate "2011.10.28"]
[SourceVersion "1"]
[SourceVersionDate "2011.10.28"]
[SourceQuality "1"]

1. d4 Nf6 2. c4 g6 3. Nc3 d5 4. Qb3 dxc4 5. Qxc4 Bg7 6. Bf4 Na6 7. Nf3 0-0 8. e3 c5 9. dxc5 Qa5 10. Qb5 Qxb5 11. Bxb5 Nxc5 12. 0-0 a6 13. Be2 b5 14. Ne5 b4 15. Bf3 bxc3 16. Bxa8 cxb2 17. Rab1 Bf5 18. Bf3 Bxb1 19. Rxb1 Nfe4 20. h4 Rb8 21. Nd3 Nd2 22. Bxb8 Nxd3 23. Be2 Nxb1 0-1

[Event "Olomouc op"]
[Site "Olomouc"]
[Date "2011.08.09"]
[Round "7"]
[White "Zakharchenko, Arnold"]
[Black "Kowalczyk, Rafal"]
[Result "1/2-1/2"]
[WhiteElo "2202"]
[BlackElo "2085"]
[PlyCount "119"]
[EventDate "2011.08.04"]
[EventType "swiss"]
[EventRounds "9"]
[EventCountry "CZE"]
[SourceTitle "CBM 143 Extra"]
[Source "ChessBase"]
[SourceDate "2011.08.29"]
[SourceVersion "1"]
[SourceVersionDate "2011.08.29"]
[SourceQuality "1"]

1. Nf3 Nf6 2. c4 e6 3. g3 d5 4. Bg2 dxc4 5. Qa4+ Nbd7 6. Qxc4 a6 7. 0-0 b5 8. Qc2 Bb7 9. Nc3 Be7 10. d4 0-0 11. Rd1 Rc8 12. Ne5 Bxg2 13. Kxg2 c5 14. dxc5 Rxc5 15. Nxd7 Nxd7 16. Be3 Rc7 17. Qe4 Qa8 18. Qxa8 Rxa8 19. Bf4 Rb7 20. Rac1 Nb6 21. Ne4 Nd5 22. Be5 f6 23. Bd4 Kf7 24. Nc5 Bxc5 25. Bxc5 Rc7 26. Bd4 Rac8 27. Rxc7+ Rxc7 28. e4 Ne7 29. Bb6 Rb7 30. Be3 Rc7 31. Rd6 Rc6 32. Rd7 e5 33. b4 Ke8 34. Ra7 Nc8 35. Rxg7 Nd6 36. Rxh7 Nxe4 37. Ra7 f5 38. h4 Nf6 39. a3 Nh5 40. Bg5 Nf6 41. h5 Nxh5 42. Re7+ Kf8 43. Rxe5 Ng7 44. Be3 Kf7 45. Bc5 Kf6 46. Rd5 Ne6 47. f4 a5 48. Kf3 Nxc5 49. bxc5 Re6 50. Kf2 b4 51. axb4 axb4 52. Rd4 Rc6 53. Rxb4 Rxc5 54. Ke3 Rc3+ 55. Kd4 Rxg3 56. Rb6+ Kf7 57. Ke5 Ra3 58. Kxf5 Ra5+ 59. Kg4 Rc5 60. f5 1/2-1/2